| 000 | 01305nam a2200313Ia 4500 | ||
|---|---|---|---|
| 001 | ebr10288762 | ||
| 003 | CaPaEBR | ||
| 006 | m u | ||
| 007 | cr cn||||||||| | ||
| 008 | 081009s2009 enka sb 001 0 eng d | ||
| 020 | _z9781841502380 | ||
| 020 | _z1841502383 | ||
| 040 |
_aCaPaEBR _cCaPaEBR |
||
| 035 | _a(OCoLC)608623628 | ||
| 050 | 1 | 4 |
_aHQ784.M3 _bH37 2009eb |
| 100 | 1 | _aHargrave, Andrea Millwood. | |
| 245 | 1 | 0 |
_aHarm and offence in media content _h[electronic resource] : _ba review of the evidence / _cby Andrea Millwood Hargrave and Sonia Livingstone ; with contributions from David Brake ... [et al.]. |
| 250 | _aRev. and updated 2nd ed. | ||
| 260 |
_aBristol, UK ; _aChicago, USA : _bIntellect, _c2009. |
||
| 300 |
_a344 p. : _bill. |
||
| 504 | _aIncludes bibliographical references and index. | ||
| 533 |
_aElectronic reproduction. _bPalo Alto, Calif. : _cebrary, _d2009. _nAvailable via World Wide Web. _nAccess may be limited to ebrary affiliated libraries. |
||
| 650 | 0 |
_aMass media _xInfluence. |
|
| 650 | 0 | _aMass media and children. | |
| 655 | 7 |
_aElectronic books. _2local |
|
| 700 | 1 | _aLivingstone, Sonia M. | |
| 710 | 2 | _aebrary, Inc. | |
| 856 | 4 | 0 |
_uhttp://site.ebrary.com/lib/rucke/Doc?id=10288762 _zAn electronic book accessible through the World Wide Web; click to view |
| 999 |
_c579 _d579 |
||